000 00695nam a2200289Ia 4500
005 20260324143201.0
008 008 260324s9999 xx 000 0 eng d
020 _a9781315792859
037 _aEBOOK
040 _aCRL
040 _beng
040 _cCRL
041 _2eng
041 _aeng
084 _qCRL
100 _aBarbara Jo Brothers
_91160340
245 0 _aPeace, War, and Mental Health
245 0 _bCouples Therapists Look at the Dynamics
260 _bTaylor and Francis
260 _c1992
365 _a
365 _b99.99
856 _uhttp://www.taylorfrancis.com/books/9781315792859
942 _cEBOOK
999 _c1819796
_d1819796